| 000 | 00769cam a2200157Ka 4500 | ||
|---|---|---|---|
| 082 | 0 | 4 |
_a697.93 _bBRE _cL-8, P-2 |
| 100 | 1 |
_aBrett, Thomas J. _944455 |
|
| 245 | 1 | 0 |
_aAir conditioning--design and construction of ducts _ba practical text on the requirements, design, construction, installation and operation of air ducts for distribution of air for air-conditioning systems installed in various types of buildings and railway cars / _cby Thomas J. Brett. |
| 260 |
_aChicago : _bAmerican Technical Society, _c1937. |
||
| 300 |
_a1 online resource (vi, 226 p.) : _bill. |
||
| 526 |
_a0 _b0 _c0 _d697_930000000000000_BRE |
||
| 650 | 0 |
_aAir conditioning. _919032 |
|
| 650 | 0 |
_aMCE _9379 |
|
| 856 | 4 | 0 | _uhttp://catalog.hathitrust.org/api/volumes/oclc/20785098.html |
| 942 |
_2ddc _cBK |
||
| 999 |
_c548241 _d548241 |
||